Mosty w Warszawie - Statystyki

Ogólne statystyki
  • Ten quiz został rozwiązany 389 razy
  • Średni wynik to 5 z 10
Statystyki odpowiedzi
LP Nazwa % Poprawnych
1 Most Siekierkowski
82%
2 Most Łazienkowski
71%
3 Most księcia Józefa Poniatowskiego
69%
5 Most Świętokrzyski
54%
7 Most Gdański
53%
10 Most Marii Skłodowskiej-Curie
47%
6 Most Śląsko-Dąbrowski
47%
4 Most średnicowy
40%
9 Most gen. Stefana Grota-Roweckiego
39%
8 Most kolejowy przy Cytadeli
15%
Nie znaleziono quizów pasujących do podanych kryteriów
Rozkład punktacji
Procent ludzi z każdym wynikiem
Percentyl według liczby udzielonych odpowiedzi
Twoja historia wyników
Nie rozwiązałeś tego quizu